[Event "Joao Pessoa Fischer Memorial 9th"]
[Site "Joao Pessoa"]
[Date "2018.03.17"]
[Round "4"]
[White "De Lima, Alexsandro Barros"]
[Black "Rodrigues da Silva, Evandro"]
[Result "1-0"]
[WhiteElo "2051"]
[BlackElo "2148"]
[PlyCount "87"]
[EventDate "2018.03.16"]
[EventType "swiss"]
[EventRounds "6"]
[EventCountry "BRA"]
[SourceTitle "CBM 183 Extra"]
[Source "ChessBase"]
[SourceDate "2018.04.19"]
[SourceVersion "1"]
[SourceVersionDate "2018.04.19"]
[SourceQuality "1"]

1. Nf3 d5 2. c4 c6 3. e3 Nf6 4. Nc3 e6 5. d4 a6 6. a4 Bb4 7. Bd3 dxc4 8. Bxc4 0-0 9. 0-0 Nbd7 10. Qe2 Rb8 11. e4 b5 12. Bb3 Bb7 13. Bf4 Rc8 14. Rfd1 h6 15. e5 Nd5 16. Nxd5 cxd5 17. axb5 a5 18. Bd2 Nb6 19. Bxb4 axb4 20. Ne1 Nc4 21. Nd3 Qb6 22. Nc5 Rxc5 23. dxc5 Qxc5 24. Rac1 Qxb5 25. Bxc4 dxc4 26. Qxc4 Qxe5 27. Qxb4 Bd5 28. Qc3 Qe4 29. f3 Qa4 30. Rd4 Qa7 31. Qc5 Qa6 32. b4 Rb8 33. Rdd1 g6 34. Qd4 Qb5 35. Rc5 Qe8 36. Rdc1 Rd8 37. Qf6 Ra8 38. b5 Qf8 39. b6 h5 40. Rc7 Rb8 41. b7 Re8 42. Rd7 Bxb7 43. Rxb7 Rd8 44. Rxf7 1-0

[Event "Joao Pessoa Fischer Memorial 8th"]
[Site "Joao Pessoa"]
[Date "2017.03.18"]
[Round "4"]
[White "Rodrigues da Silva, Evandro"]
[Black "Dos Anjos, Avner Augusto"]
[Result "0-1"]
[WhiteElo "2155"]
[BlackElo "1954"]
[PlyCount "112"]
[EventDate "2017.03.17"]
[EventType "swiss"]
[EventRounds "6"]
[EventCountry "BRA"]
[SourceTitle "CBM 177 Extra"]
[Source "ChessBase"]
[SourceDate "2017.04.27"]
[SourceVersion "1"]
[SourceVersionDate "2017.04.27"]
[SourceQuality "1"]

1. d4 Nf6 2. c4 g6 3. Nc3 Bg7 4. e4 d6 5. f3 0-0 6. Be3 Nc6 7. Nge2 a6 8. Qd2 Rb8 9. Bh6 b5 10. Bxg7 Kxg7 11. g4 b4 12. Nd5 e5 13. Ne3 Nd7 14. 0-0-0 exd4 15. Nxd4 Nxd4 16. Qxd4+ Qf6 17. Qxf6+ Nxf6 18. Be2 Bb7 19. Rhg1 Nd7 20. Nd5 Bxd5 21. Rxd5 Rfe8 22. Rgd1 f6 23. R1d2 Nc5 24. Bd1 Re5 25. Bc2 Rbe8 26. b3 Rxd5 27. cxd5 Kh6 28. h4 Kg7 29. Rg2 g5 30. h5 h6 31. Kd2 Rb8 32. Ke3 Rb5 33. Bd3 Rb8 34. Rc2 a5 35. Kd4 Kf7 36. Bf1 Ke7 37. Bc4 Rb6 38. Rc1 Rb8 39. Ra1 Kd7 40. a3 Kc8 41. axb4 axb4 42. Ra7 Nd7 43. Ra5 Ne5 44. Be2 c5+ 45. Ke3 c4 46. bxc4 b3 47. Ra1 b2 48. Rb1 Rb3+ 49. Kd4 Kc7 50. c5 dxc5+ 51. Kxc5 Rc3+ 52. Kd4 Rc2 53. Ke3 Kd6 54. Ba6 Kc5 55. Be2 Kb4 56. Bd1 Nc4+ 0-1

[Event "Joao Pessoa Fischer Memorial 7th"]
[Site "Joao Pessoa"]
[Date "2016.03.12"]
[Round "4"]
[White "Lima, Darcy Gustavo Macha"]
[Black "Rodrigues da Silva, Evandro"]
[Result "1-0"]
[WhiteElo "2523"]
[BlackElo "2185"]
[PlyCount "85"]
[EventDate "2016.03.11"]
[EventType "swiss"]
[EventRounds "6"]
[EventCountry "BRA"]
[SourceTitle "CBM 171 Extra"]
[Source "ChessBase"]
[SourceDate "2016.04.26"]
[SourceVersion "1"]
[SourceVersionDate "2016.04.26"]
[SourceQuality "1"]

1. e4 c6 2. d4 d5 3. e5 Bf5 4. Nc3 Qb6 5. Nf3 e6 6. Be2 Bb4 7. 0-0 Nd7 8. Na4 Qd8 9. a3 Be7 10. b3 Bg4 11. c4 Bxf3 12. Bxf3 Bg5 13. Bb2 Ne7 14. Nc3 a6 15. a4 Nf5 16. Bg4 g6 17. Bxf5 gxf5 18. Qh5 Nf8 19. Kh1 Rg8 20. f4 Be7 21. c5 Qa5 22. Nb1 Rg6 23. Bc3 Qc7 24. b4 Bd8 25. Na3 Qe7 26. Be1 h6 27. Nc2 Nd7 28. Ne3 Qf8 29. Bc3 Rc8 30. Bd2 Qg7 31. Qe2 Nb8 32. b5 Kf8 33. g4 Qh7 34. gxf5 Rg8 35. bxa6 bxa6 36. Rab1 exf5 37. Qh5 Qg6 38. Qxf5 Qe6 39. Qxe6 fxe6 40. f5 Bg5 41. Rb7 Rg7 42. fxe6+ Kg8 43. Rxg7+ 1-0

[Event "Joao Pessoa Fischer Memorial 7th"]
[Site "Joao Pessoa"]
[Date "2016.03.11"]
[Round "2"]
[White "De Lima, Alan Silva"]
[Black "Rodrigues da Silva, Evandro"]
[Result "0-1"]
[WhiteElo "2006"]
[BlackElo "2185"]
[PlyCount "86"]
[EventDate "2016.03.11"]
[EventType "swiss"]
[EventRounds "6"]
[EventCountry "BRA"]
[SourceTitle "CBM 171 Extra"]
[Source "ChessBase"]
[SourceDate "2016.04.26"]
[SourceVersion "1"]
[SourceVersionDate "2016.04.26"]
[SourceQuality "1"]

1. c4 g6 2. g3 Bg7 3. Bg2 Nf6 4. Nc3 e5 5. d3 0-0 6. Nf3 Nc6 7. 0-0 d6 8. a3 Bg4 9. Re1 Qd7 10. Rb1 Rae8 11. Ne4 Nxe4 12. dxe4 Nd4 13. e3 Bxf3 14. Bxf3 Nxf3+ 15. Qxf3 Qc6 16. Bd2 f5 17. Rec1 fxe4 18. Qe2 Rf3 19. Be1 Qd7 20. Kg2 Ref8 21. Rc2 R8f5 22. Qf1 Bh6 23. Qg1 Qf7 24. Rc3 g5 25. b4 g4 26. Rbb3 Bf8 27. Kf1 Rh5 28. Qg2 Rh3 29. a4 Qg6 30. a5 c6 31. c5 d5 32. b5 d4 33. exd4 exd4 34. Rxf3 exf3 35. Rxf3 gxf3 36. Qxh3 Qe4 37. Bb4 Qd3+ 38. Kg1 Qb1+ 39. Qf1 Qxb4 40. bxc6 bxc6 41. Qc1 Qxc5 42. Qf4 Qd5 43. Kf1 d3 0-1

[Event "Joao Pessoa op 6th"]
[Site "Joao Pessoa"]
[Date "2015.10.11"]
[Round "3"]
[White "Rodrigues da Silva, Evandro"]
[Black "Gomes, Jose Murilo"]
[Result "1-0"]
[WhiteElo "2196"]
[BlackElo "1891"]
[PlyCount "51"]
[EventDate "2015.10.10"]
[EventType "swiss"]
[EventRounds "5"]
[EventCountry "BRA"]
[SourceTitle "CBM 168 Extra"]
[Source "ChessBase"]
[SourceDate "2015.10.29"]
[SourceVersion "1"]
[SourceVersionDate "2015.10.29"]
[SourceQuality "1"]

1. d4 d5 2. c4 dxc4 3. Nc3 Nf6 4. e4 e5 5. d5 c6 6. Bxc4 Bb4 7. Qb3 Bxc3+ 8. Qxc3 0-0 9. f3 b5 10. Bb3 cxd5 11. exd5 Nxd5 12. Qc5 Nf4 13. Bxf4 exf4 14. Ne2 Qa5+ 15. Nc3 Re8+ 16. Kf2 Qd8 17. Rad1 Qh4+ 18. g3 fxg3+ 19. hxg3 Qf6 20. Qxb5 Qb6+ 21. Qxb6 axb6 22. Nd5 Ba6 23. Nc7 Re2+ 24. Kg1 Nc6 25. Nxa8 g5 26. Rh2 1-0

[Event "Joao Pessoa AXCV op 5th"]
[Site "Joao Pessoa"]
[Date "2015.07.26"]
[Round "4"]
[White "Da Silva Tomaz, Luiz Antonio"]
[Black "Rodrigues da Silva, Evandro"]
[Result "0-1"]
[WhiteElo "2015"]
[BlackElo "2183"]
[PlyCount "94"]
[EventDate "2015.07.24"]
[EventType "swiss"]
[EventRounds "5"]
[EventCountry "BRA"]
[SourceTitle "EXT 2016"]
[Source "ChessBase"]
[SourceDate "2015.10.08"]
[SourceVersion "1"]
[SourceVersionDate "2015.10.08"]
[SourceQuality "1"]

1. f4 g6 2. Nf3 Bg7 3. e3 c5 4. c4 Nc6 5. Be2 Nf6 6. 0-0 d5 7. cxd5 Nxd5 8. a3 0-0 9. Nc3 a6 10. Qe1 Bf5 11. Qh4 Nf6 12. b4 cxb4 13. axb4 Bd3 14. Bxd3 Qxd3 15. Ne5 Qd6 16. Nxc6 bxc6 17. f5 Nd5 18. Ne4 Qd7 19. Ra4 gxf5 20. Ng3 e6 21. Nh5 f6 22. Rf3 Ne7 23. Nxg7 Ng6 24. Qc4 Kxg7 25. Rxa6 Rxa6 26. Qxa6 h5 27. d4 h4 28. Bb2 Qd5 29. Rf2 Qe4 30. Re2 h3 31. Qb7+ Rf7 32. Qb8 f4 33. gxh3 Qf3 34. Rf2 Qxe3 35. Kg2 Kh7 36. d5 Nh4+ 37. Kf1 Qxh3+ 38. Ke1 Qe3+ 39. Re2 Nf3+ 40. Kd1 Qd3+ 41. Kc1 Qxe2 42. dxc6 Rg7 43. Kb1 Nd2+ 44. Kc2 Nc4+ 45. Kb3 Nxb2 46. c7 Qd3+ 47. Ka2 Qc4+ 0-1

[Event "Paraiban-ch op"]
[Site "Cabo Branco"]
[Date "2015.06.06"]
[Round "4"]
[White "Torres, Douglas da Silva"]
[Black "Rodrigues da Silva, Evandro"]
[Result "0-1"]
[WhiteElo "2133"]
[BlackElo "2179"]
[PlyCount "72"]
[EventDate "2015.06.04"]
[EventType "swiss"]
[EventRounds "5"]
[EventCountry "BRA"]
[SourceTitle "CBM 167 Extra"]
[Source "ChessBase"]
[SourceDate "2015.09.14"]
[SourceVersion "1"]
[SourceVersionDate "2015.09.14"]
[SourceQuality "1"]

1. c4 g6 2. Nc3 Bg7 3. g3 c5 4. Bg2 Nc6 5. Nf3 Nf6 6. 0-0 0-0 7. a3 d6 8. Rb1 Bf5 9. d3 Qd7 10. Re1 e5 11. b4 Rad8 12. Bg5 h6 13. Bxf6 Bxf6 14. Nd5 Bg7 15. Nd2 b6 16. Ne4 f6 17. b5 Ne7 18. Nec3 Be6 19. Nxe7+ Qxe7 20. Bd5 f5 21. e4 Qf7 22. Qe2 Bxd5 23. Nxd5 f4 24. a4 h5 25. a5 bxa5 26. Ra1 Bh6 27. Rxa5 f3 28. Qa2 Qe6 29. Rxa7 Qh3 30. Ne7+ Kh7 31. Nf5+ Kh8 32. Nh4 g5 33. Ng6+ Kg8 34. Ne7+ Kg7 35. Nf5+ Kh8 36. Ne3 g4 0-1

[Event "Joao Pessoa op 6th"]
[Site "Joao Pessoa"]
[Date "2015.03.14"]
[Round "3"]
[White "Oliveira, Renato de Araujo"]
[Black "Rodrigues da Silva, Evandro"]
[Result "1-0"]
[WhiteElo "2058"]
[BlackElo "2177"]
[PlyCount "97"]
[EventDate "2015.03.13"]
[EventType "swiss"]
[EventRounds "6"]
[EventCountry "BRA"]
[SourceTitle "CBM 165 Extra"]
[Source "ChessBase"]
[SourceDate "2015.04.21"]
[SourceVersion "1"]
[SourceVersionDate "2015.04.21"]
[SourceQuality "1"]

1. e4 c5 2. c3 g6 3. d4 cxd4 4. cxd4 Bg7 5. Nc3 d6 6. Be3 Nf6 7. h3 0-0 8. Nf3 Qb6 9. Qd2 a6 10. a3 Nbd7 11. b4 Qd8 12. e5 Ne8 13. Be2 b5 14. 0-0 Bb7 15. e6 fxe6 16. Ng5 Nc7 17. Bg4 Rf6 18. Nce4 Nf8 19. h4 h5 20. Nxf6+ exf6 21. Bf3 Bd5 22. Bxd5 Nxd5 23. Nf3 Nb6 24. Rfc1 Nfd7 25. Qd3 Kf7 26. Nd2 Rc8 27. Rc2 d5 28. Nb3 Nc4 29. a4 Bf8 30. axb5 axb5 31. Nc5 Nxc5 32. bxc5 Rb8 33. Ra7+ Be7 34. Bf4 Ra8 35. Rca2 Rxa7 36. Rxa7 b4 37. Qb1 e5 38. dxe5 Nxe5 39. Rb7 Qc8 40. Rxb4 Qxc5 41. Rb7 Qc4 42. Bd2 Qg4 43. Qb3 Ke6 44. Rb6+ Bd6 45. Bb4 Nc4 46. Bxd6 Nxd6 47. Qc2 Qd4 48. Qc8+ Ke5 49. Qc7 1-0

[Event "Joao Pessoa-ch"]
[Site "Joao Pessoa"]
[Date "2014.08.03"]
[Round "5"]
[White "Ribeiro, Matheus Cavalcante"]
[Black "Rodrigues da Silva, Evandro"]
[Result "1-0"]
[WhiteElo "2169"]
[BlackElo "2175"]
[PlyCount "63"]
[EventDate "2014.08.01"]
[EventType "swiss"]
[EventRounds "6"]
[EventCountry "BRA"]
[SourceTitle "CBM 161 Extra"]
[Source "ChessBase"]
[SourceDate "2014.08.29"]
[SourceVersion "1"]
[SourceVersionDate "2014.08.29"]
[SourceQuality "1"]

1. e4 g6 2. d4 Bg7 3. Nc3 c5 4. dxc5 Qa5 5. Bd2 Qxc5 6. Nd5 a5 7. Be3 Qc6 8. Bb5 Qd6 9. Nb6 Qb4+ 10. c3 Qxb5 11. Nxa8 Qxb2 12. Bd4 Bxd4 13. cxd4 Qc3+ 14. Kf1 b6 15. Rc1 Ba6+ 16. Ne2 Qa3 17. Nc7+ Kf8 18. Nxa6 Nxa6 19. Rc8+ Kg7 20. Qc1 Qxa2 21. Ng3 h6 22. h3 Nb4 23. Kg1 Nd3 24. Qe3 Nb4 25. Kh2 Nc6 26. d5 Ne5 27. Qc3 f6 28. f4 Nf7 29. Ra1 Qf2 30. Rf1 Qa2 31. f5 Nd6 32. Nh5+ 1-0

[Event "Joao Pessoa-ch"]
[Site "Joao Pessoa"]
[Date "2014.08.01"]
[Round "1"]
[White "Azevedo, Eduardo Jose E"]
[Black "Rodrigues da Silva, Evandro"]
[Result "0-1"]
[WhiteElo "1826"]
[BlackElo "2175"]
[PlyCount "94"]
[EventDate "2014.08.01"]
[EventType "swiss"]
[EventRounds "6"]
[EventCountry "BRA"]
[SourceTitle "CBM 161 Extra"]
[Source "ChessBase"]
[SourceDate "2014.08.29"]
[SourceVersion "1"]
[SourceVersionDate "2014.08.29"]
[SourceQuality "1"]

1. b3 Nf6 2. Bb2 d5 3. e3 c5 4. Nf3 Nc6 5. Bb5 e6 6. Bxc6+ bxc6 7. 0-0 Bd6 8. Ne5 Qc7 9. f4 Bb7 10. d3 Rd8 11. Nd2 Qe7 12. Rf3 Rg8 13. Rg3 g6 14. Ndf3 d4 15. exd4 cxd4 16. Bxd4 c5 17. Bb2 Nd5 18. Qd2 f6 19. c4 fxe5 20. fxe5 Bc7 21. cxd5 Rxd5 22. Qe2 Ba6 23. Ng5 Rf8 24. Qe4 Bb5 25. Rd1 Rf5 26. Nf3 Qd7 27. d4 Bc6 28. Qe1 cxd4 29. Kh1 Bxe5 30. Nxe5 Rfxe5 31. Qd2 Rf5 32. a4 e5 33. h3 Qd6 34. Rg5 Qf6 35. Rxf5 gxf5 36. Qb4 Rd7 37. Qb8+ Rd8 38. Qxa7 Qg6 39. Rg1 Qf7 40. Qb6 Qd5 41. Ba3 d3 42. Qa7 Bb7 43. Qf2 f4 44. Qh4 Qf7 45. Re1 e4 46. Qg4 d2 47. Rg1 Rd5 0-1

[Event "Joao Pessoa AXCV op 1st"]
[Site "Joao Pessoa"]
[Date "2014.04.06"]
[Round "5"]
[White "Rodrigues da Silva, Evandro"]
[Black "Souza, Marcos Valerio"]
[Result "1-0"]
[WhiteElo "2164"]
[BlackElo "2066"]
[PlyCount "123"]
[EventDate "2014.04.04"]
[EventType "swiss"]
[EventRounds "5"]
[EventCountry "BRA"]
[SourceTitle "EXT 2018"]
[Source "ChessBase"]
[SourceDate "2017.10.13"]
[SourceVersion "1"]
[SourceVersionDate "2017.10.13"]
[SourceQuality "1"]

1. d4 Nf6 2. c4 g6 3. Nc3 Bg7 4. e4 d6 5. f3 0-0 6. Be3 e5 7. d5 Ne8 8. Qd2 f5 9. Bd3 c5 10. dxc6 bxc6 11. Nge2 f4 12. Bf2 Na6 13. Rd1 Be6 14. b3 Qa5 15. 0-0 Nac7 16. Qc2 Nf6 17. Na4 c5 18. Qd2 Qxd2 19. Rxd2 Bd7 20. Nec3 Ne6 21. Nb5 Ne8 22. Be2 Nd4 23. Nbc3 Nc7 24. Nb2 Nce6 25. Nd3 Nxe2+ 26. Nxe2 Nd4 27. Nc3 a5 28. Nb2 Rf7 29. Nd5 Rb8 30. Bxd4 exd4 31. Nd3 Be5 32. Nxe5 dxe5 33. Rb1 Bc6 34. Rdb2 Rfb7 35. Nf6+ Kg7 36. Ng4 Re7 37. Nf2 Be8 38. Nd3 Rc8 39. Kf2 Kf6 40. g3 g5 41. Rg1 Bg6 42. Ke1 Ke6 43. gxf4 gxf4 44. Rg5 Kd6 45. Rbg2 Be8 46. Rf5 Bg6 47. Rf6+ Kd7 48. Rg5 Rc6 49. Rxc6 Kxc6 50. Nxe5+ Kd6 51. Nxg6 hxg6 52. Rxg6+ Ke5 53. Rg5+ Kd6 54. h4 a4 55. h5 axb3 56. axb3 Rb7 57. h6 Rxb3 58. Rh5 Rb8 59. Kd2 Kc6 60. Kd3 Kd6 61. e5+ Ke6 62. Ke4 1-0

[Event "Joao Pessoa AXCV op 1st"]
[Site "Joao Pessoa"]
[Date "2014.04.05"]
[Round "3"]
[White "Rodrigues da Silva, Evandro"]
[Black "De Oliveira, Jefferson Pereira"]
[Result "1-0"]
[WhiteElo "2164"]
[BlackElo "1815"]
[PlyCount "75"]
[EventDate "2014.04.04"]
[EventType "swiss"]
[EventRounds "5"]
[EventCountry "BRA"]
[SourceTitle "EXT 2018"]
[Source "ChessBase"]
[SourceDate "2017.10.13"]
[SourceVersion "1"]
[SourceVersionDate "2017.10.13"]
[SourceQuality "1"]

1. d4 d5 2. c4 c6 3. Nf3 Nf6 4. g3 e6 5. Bg2 Nbd7 6. 0-0 Bd6 7. Qc2 0-0 8. Rd1 Re8 9. Nbd2 h6 10. Rb1 a5 11. e4 dxe4 12. Nxe4 Nxe4 13. Qxe4 Nf6 14. Qc2 Qc7 15. a3 a4 16. Bd2 c5 17. dxc5 Bxc5 18. Bc3 Nd7 19. Rd2 Nb6 20. Be5 Qe7 21. Rbd1 Bd7 22. Nd4 f6 23. Bc7 e5 24. Bxb6 Bxb6 25. Nf5 Bxf5 26. Qxf5 Bd4 27. Bd5+ Kh8 28. Be4 g5 29. Rd3 Rad8 30. Kg2 Qg7 31. g4 Rc8 32. b3 axb3 33. Rxb3 Rc7 34. Rdd3 Ree7 35. Rh3 Rxc4 36. Rh5 Bc3 37. Qf3 Rec7 38. Rb6 1-0

[Event "Joao Pessoa op 5th"]
[Site "Joao Pessoa"]
[Date "2014.03.16"]
[Round "6"]
[White "Macedo, Maximo Iack Miranda"]
[Black "Rodrigues da Silva, Evandro"]
[Result "1-0"]
[WhiteElo "2360"]
[BlackElo "2168"]
[PlyCount "83"]
[EventDate "2014.03.14"]
[EventType "swiss"]
[EventRounds "6"]
[EventCountry "BRA"]
[SourceTitle "CBM 159 Extra"]
[Source "ChessBase"]
[SourceDate "2014.04.24"]
[SourceVersion "1"]
[SourceVersionDate "2014.04.24"]
[SourceQuality "1"]

1. d4 d5 2. c4 c6 3. Nc3 Nf6 4. Nf3 Nbd7 5. cxd5 cxd5 6. Bf4 g6 7. e3 a6 8. Bd3 Bg7 9. 0-0 0-0 10. Rc1 e6 11. a4 b6 12. h3 Bb7 13. Qc2 Qe7 14. Qb1 Rfc8 15. Rc2 Ne8 16. Rfc1 f6 17. Bh2 f5 18. Na2 Bf8 19. Rxc8 Rxc8 20. Rxc8 Bxc8 21. Qf1 a5 22. Qc1 Bb7 23. Bb5 Bg7 24. Qc3 Qd8 25. Nc1 Ndf6 26. Nd3 Ne4 27. Qc1 N8d6 28. Bc6 Ba6 29. Nde5 Nc4 30. Nxc4 Bxc4 31. Bb5 Bxb5 32. axb5 Bf8 33. Qc7 Be7 34. Qc6 Bd6 35. Be5 Bxe5 36. Nxe5 Nd6 37. Nd7 Qe7 38. Nxb6 Kf7 39. Nd7 Ne4 40. Ne5+ Kf6 41. Nd7+ Kg5 42. Nc5 1-0

[Event "Joao Pessoa op 5th"]
[Site "Joao Pessoa"]
[Date "2014.03.14"]
[Round "2"]
[White "Lemos, Doriedson"]
[Black "Rodrigues da Silva, Evandro"]
[Result "1-0"]
[WhiteElo "2004"]
[BlackElo "2168"]
[PlyCount "77"]
[EventDate "2014.03.14"]
[EventType "swiss"]
[EventRounds "6"]
[EventCountry "BRA"]
[SourceTitle "CBM 159 Extra"]
[Source "ChessBase"]
[SourceDate "2014.04.24"]
[SourceVersion "1"]
[SourceVersionDate "2014.04.24"]
[SourceQuality "1"]

1. d4 d5 2. c4 c6 3. Nf3 Nf6 4. Nc3 a6 5. Bg5 Ne4 6. Bf4 Nxc3 7. bxc3 dxc4 8. g3 g6 9. Bg2 Bg7 10. 0-0 0-0 11. Ne5 Be6 12. Rb1 Qc8 13. e4 Nd7 14. Nf3 b5 15. Ng5 Nb6 16. Qd2 Bd7 17. h4 f6 18. Nf3 Bh3 19. Bh6 Bxg2 20. Kxg2 Qg4 21. Rfe1 Rad8 22. Nh2 Qd7 23. Bxg7 Kxg7 24. Qe3 Qc7 25. Ng4 e6 26. h5 g5 27. e5 f5 28. Qxg5+ Kh8 29. Nh2 Nd5 30. Qd2 Qf7 31. Nf3 Rg8 32. Qh6 Nxc3 33. Ng5 Rxg5 34. Qxg5 Rg8 35. Qf6+ Qxf6 36. exf6 Nxb1 37. h6 c3 38. f7 Rf8 39. Rxe6 1-0

[Event "Joao Pessoa op"]
[Site "Joao Pessoa"]
[Date "2013.05.31"]
[Round "3"]
[White "De Souza, Arthur Olintho"]
[Black "Rodrigues da Silva, Evandro"]
[Result "0-1"]
[WhiteElo "2093"]
[BlackElo "2177"]
[PlyCount "100"]
[EventDate "2013.05.30"]
[EventType "swiss"]
[EventRounds "6"]
[EventCountry "BRA"]
[SourceTitle "CBM 154 Extra"]
[Source "ChessBase"]
[SourceDate "2013.06.25"]
[SourceVersion "2"]
[SourceVersionDate "2013.06.25"]
[SourceQuality "1"]

1. e4 c6 2. Nc3 d5 3. d4 dxe4 4. Nxe4 Nf6 5. Nxf6+ exf6 6. Bf4 Bd6 7. Bxd6 Qxd6 8. c3 0-0 9. Bd3 Be6 10. Ne2 Nd7 11. Qc2 g6 12. 0-0 f5 13. Qd2 Nf6 14. Qf4 Qd7 15. Rfe1 Rfe8 16. Qh4 Nd5 17. Nf4 Nxf4 18. Qxf4 c5 19. Re5 Rec8 20. Rae1 cxd4 21. cxd4 Rd8 22. d5 Bxd5 23. Bxf5 Qd6 24. Be4 Be6 25. h3 Qb4 26. Re2 Rac8 27. Qf6 Qb6 28. Bxg6 hxg6 29. Rxe6 fxe6 30. Qxg6+ Kf8 31. Rxe6 Rd1+ 32. Kh2 Qc7+ 33. g3 Rd7 34. Qh6+ Rg7 35. h4 Kg8 36. h5 Rf8 37. Qe3 Qf7 38. Kg2 Qxh5 39. Qb3 Qf7 40. Re3 Qxb3 41. Rxb3 Rf6 42. Re3 Rc7 43. g4 Rc2 44. Re8+ Kf7 45. Rh8 Rfxf2+ 46. Kg3 Rxb2 47. a4 Kg6 48. Rg8+ Kf7 49. Rh8 Rfc2 50. Rh7+ Kg6 0-1

[Event "Joao Pessoa op"]
[Site "Joao Pessoa"]
[Date "2013.05.30"]
[Round "1"]
[White "Araujo, Antonio Carlos Jr"]
[Black "Rodrigues da Silva, Evandro"]
[Result "0-1"]
[WhiteElo "1802"]
[BlackElo "2177"]
[PlyCount "68"]
[EventDate "2013.05.30"]
[EventType "swiss"]
[EventRounds "6"]
[EventCountry "BRA"]
[SourceTitle "CBM 154 Extra"]
[Source "ChessBase"]
[SourceDate "2013.06.25"]
[SourceVersion "2"]
[SourceVersionDate "2013.06.25"]
[SourceQuality "1"]

1. d4 g6 2. c4 Bg7 3. e4 c5 4. d5 e5 5. Nf3 d6 6. Nc3 Nf6 7. Be2 0-0 8. 0-0 a6 9. a4 b6 10. Bd2 Nbd7 11. Qc2 Nh5 12. Ng5 Nf4 13. h4 Nxe2+ 14. Nxe2 h6 15. Nf3 f5 16. b4 Nf6 17. Ng3 Nxe4 18. Nxe4 fxe4 19. Nh2 Qxh4 20. f3 e3 21. Bxe3 Bf5 22. Qb3 e4 23. Bf2 Qf6 24. Rae1 Qc3 25. Re3 Qxb3 26. Rxb3 exf3 27. Nxf3 Bc2 28. Re3 cxb4 29. Re6 b3 30. Bd4 Rxf3 31. Rxf3 Bxd4+ 32. Kh2 b2 33. Rf1 b1Q 34. Rxb1 Bxb1 0-1

[Event "Brasilia Oeste op"]
[Site "Brasilia"]
[Date "2012.10.14"]
[Round "6"]
[White "Rodrigues da Silva, Evandro"]
[Black "Perdomo, Leandro Daniel"]
[Result "0-1"]
[WhiteElo "2187"]
[BlackElo "2376"]
[PlyCount "60"]
[EventDate "2012.10.11"]
[EventType "swiss"]
[EventRounds "7"]
[EventCountry "BRA"]
[SourceTitle "EXT 2013"]
[Source "ChessBase"]
[SourceDate "2012.11.22"]
[SourceVersion "1"]
[SourceVersionDate "2012.11.22"]
[SourceQuality "1"]

1. Nf3 Nf6 2. d4 g6 3. c4 Bg7 4. Nc3 0-0 5. e4 d6 6. Be2 Nbd7 7. Be3 e5 8. dxe5 dxe5 9. h3 c6 10. 0-0 Qe7 11. Qd2 Nc5 12. Bxc5 Qxc5 13. Rfd1 Re8 14. Rab1 Nd7 15. b4 Qe7 16. Qd6 Qxd6 17. Rxd6 Bf8 18. Rd2 a5 19. a3 axb4 20. axb4 Ra3 21. Rd3 Bg7 22. Ne1 Nf8 23. Nc2 Ra7 24. Kh2 Ne6 25. g3 Nd4 26. Bd1 Be6 27. Ne3 f5 28. f4 Ra3 29. Nc2 Nxc2 30. Bxc2 Bxc4 0-1

[Event "Brasilia Oeste op"]
[Site "Brasilia"]
[Date "2012.10.14"]
[Round "7"]
[White "Sa, Antonio Villar Marq"]
[Black "Rodrigues da Silva, Evandro"]
[Result "1-0"]
[WhiteElo "1996"]
[BlackElo "2187"]
[PlyCount "113"]
[EventDate "2012.10.11"]
[EventType "swiss"]
[EventRounds "7"]
[EventCountry "BRA"]
[SourceTitle "EXT 2013"]
[Source "ChessBase"]
[SourceDate "2012.11.22"]
[SourceVersion "1"]
[SourceVersionDate "2012.11.22"]
[SourceQuality "1"]

1. e4 g6 2. d4 Bg7 3. f4 d5 4. e5 Nh6 5. Nf3 0-0 6. Be3 Nf5 7. Bf2 h5 8. h3 Nh6 9. Bd3 b6 10. Qe2 a5 11. Nbd2 Na6 12. c3 c5 13. 0-0-0 c4 14. Bc2 b5 15. Nh4 b4 16. f5 bxc3 17. bxc3 g5 18. Qxh5 gxh4 19. Be3 Nxf5 20. g4 e6 21. gxf5 f6 22. fxe6 f5 23. Bxf5 Rxf5 24. Qxf5 Qe7 25. Qf7+ Qxf7 26. exf7+ Kxf7 27. Rdf1+ Ke8 28. Nf3 Bf5 29. Nxh4 Bd3 30. Nf5 Bf8 31. Nd6+ Bxd6 32. exd6 Bxf1 33. Rxf1 Kd7 34. h4 Re8 35. Bg5 Nb8 36. Be7 Rg8 37. Rf5 Rg1+ 38. Kb2 Kc6 39. Rf8 Na6 40. Ra8 Nb4 41. Rxa5 Rg2+ 42. Ka3 Nxa2 43. Rc5+ Kd7 44. Rxd5 Nxc3 45. Rc5 Ne4 46. Rc7+ Ke8 47. Rxc4 Rg6 48. Kb4 Nxd6 49. Bxd6 Rxd6 50. Kc5 Rh6 51. d5 Kd7 52. Ra4 Rh5 53. Ra7+ Kd8 54. Kc6 Rxh4 55. Ra8+ Ke7 56. d6+ Kf7 57. d7 1-0